| 000 | 01883nam a2200289 a 4500 | ||
|---|---|---|---|
| 001 | 000013777 | ||
| 005 | 20260206120312.0 | ||
| 008 | 091130s2002 dr a 001 0 spa d | ||
| 040 |
_aDO-SdBNP _bspa _cBNPHU |
||
| 082 |
_a614.1 _bO77L |
||
| 100 | 1 |
_aOrtega G., Rafael A. _931266 |
|
| 245 | 1 | 0 |
_aLecciones de medicina legal y sexología forense / _cRafael A. Ortega G. |
| 246 | 1 | 4 | _aLecciones de medicina legal y sexología forense |
| 260 |
_aSanto Domingo : _bEne Publicidad, _c2002. |
||
| 300 |
_a507 p. : _bil. ; _c22 cm. |
||
| 500 | _aIncluye datos biográficos del autor en la contracubierta | ||
| 504 | _aBibliográfia: p. 477 - 478 | ||
| 505 | 0 |
_aIntroducción -- _tDatos históricos y períodos -- _tPericia -- _tCertificaciones médicas -- _tDeontología médica -- _tEutanasia -- _tGenética y medicina legal -- _tClonación(transferencia nuclear) -- _tProcedimientos médicos y sus aplicaciones legales -- _tOdontología forense -- _tEquimosis -- _tTraumatología forense -- _tAccidentes de tránsito -- _tHeridas -- _tInstintos -- _tHeridas por armas de fuego -- _tFracturas -- _tIntoxicaciones -- _tDrogas -- |
|
| 505 | 0 |
_aHomicidio, suicidio e infanticidio -- _tRetrato hablado -- _tQuemaduras -- _tQuemaduras electricas (eléctricidad) -- _tExplosiones -- _tLevantamiento del cadáver -- _tDactiloscopia -- _tMatrimonio -- _tEmbarazo -- _tAborto -- _tAdulterio -- _tPelo -- _tSofocación, ahorcamiento, estrangulación -- _tSumersión -- _tMedicina del seguro -- _tMedicina del deporte -- _tSexología forense -- _tAgresiones sexuales -- _tViolación -- _tTanatología forense -- _tNecropsia (autopsia) -- _tIndicios. |
|
| 590 | _aInventariado, 2018/LP | ||
| 650 | 0 |
_aMedicina legal _931267 |
|
| 650 | 0 |
_aInvestigación criminal _96789 |
|
| 650 | 4 |
_aLesiones corporales _931268 |
|
| 650 | 4 |
_aPatología forense _920406 |
|
| 650 | 4 |
_aAutopsia _920405 |
|
| 910 | _aValidado. Control de calidad MFF | ||
| 999 |
_c13389 _d13389 |
||